| 000 | 00900nam a22002297a 4500 | ||
|---|---|---|---|
| 999 |
_c18570 _d18570 |
||
| 003 | AR-CdUCM | ||
| 008 | 190514b ||||| |||| 00| 0 spa d | ||
| 040 |
_aMUNICIPALIDAD PROVINCIAL DEL CUSCO _cBIBLIOTECA MUNICIPAL DEL CUSCO |
||
| 082 |
_a690 / _bB26 |
||
| 100 |
_aBasso Birules, Francisco _939227 |
||
| 245 | _aPrefabricación e industrialización en la construcción de edificios / | ||
| 260 |
_aBarcelona : _bEditores tecnicos asociados, _c1968. |
||
| 300 |
_a264 paginas ; _c19 cm. |
||
| 505 | _aContenido: La coordinación dimensional normalizacion y tipificación en relacion con la construcción prefabricada | ||
| 650 |
_aPrefabricación _939228 |
||
| 650 |
_aIndustrialización _91455 |
||
| 700 |
_aAguirre de Yraola, Fernando _939229 |
||
| 700 |
_aAnabitarte Prieto, Carlos _939230 |
||
| 700 |
_aRicart Beche, Jose Ramon _939231 |
||
| 942 |
_2ddc _cLIBROS |
||
| 945 |
_apjha _d2019-05-14 |
||